Loading...
| Current Events | 3 | 13.33 | 100% | 33% | 0% |
| Fine Arts - Classical Music | 5 | 12.00 | 100% | 20% | 0% |
| Fine Arts - Other Fine Arts | 4 | 10.00 | 100% | 0% | 0% |
| Fine Arts - Painting and Sculpture | 5 | 12.00 | 80% | 40% | 0% |
| Geography | 1 | 10.00 | 100% | 0% | 0% |
| History - American History | 4 | 17.50 | 100% | 75% | 0% |
| History - European History | 8 | 17.50 | 88% | 50% | 38% |
| History - Other History | 7 | 15.71 | 100% | 43% | 14% |
| History - World History | 8 | 13.75 | 88% | 38% | 13% |
| Literature - American Literature | 6 | 8.33 | 83% | 0% | 0% |
| Literature - British Literature | 1 | 10.00 | 100% | 0% | 0% |
| Literature - European Literature | 3 | 13.33 | 67% | 33% | 33% |
| Literature - World Literature | 9 | 13.33 | 100% | 33% | 0% |
| Mythology | 6 | 16.67 | 100% | 50% | 17% |
| Philosophy | 4 | 15.00 | 100% | 25% | 25% |
| Pop Culture | 2 | 5.00 | 50% | 0% | 0% |
| Religion | 7 | 15.71 | 86% | 43% | 29% |
| Science - Biology | 6 | 10.00 | 100% | 0% | 0% |
| Science - Chemistry | 5 | 12.00 | 80% | 40% | 0% |
| Science - Other Science | 7 | 4.29 | 43% | 0% | 0% |
| Science - Physics | 4 | 7.50 | 75% | 0% | 0% |
| Social Science | 5 | 14.00 | 100% | 20% | 20% |